| 000 | 00499nam a2200193Ia 4500 | ||
|---|---|---|---|
| 003 | GCL | ||
| 008 | 140319s9999 xx 000 0 eng d | ||
| 040 |
_aGCL / _cGCL |
||
| 082 | 0 | 4 |
_a305.23 _bB I |
| 100 | 1 | _aBESSON, JACQUELINE | |
| 245 | 1 | 0 |
_aINTERPRETEZ L'ECRITURE DE VOTRE ENFANT / _cBESSON, JACQUELINE |
| 260 |
_a[S.N] : _bMARABOUT UNIVERSITE |
||
| 490 |
_aMARABOUT _v0 |
||
| 650 | 0 | 4 | _aCHILDREN |
| 650 | 0 | 4 | _aCHILDHOOD |
| 650 | 0 | 4 | _aCHILDREANING |
| 650 | 0 | 4 | _aCHILD STUDY |
| 942 |
_2ddc _cBK |
||
| 999 |
_c23245 _d23245 |
||